000 00538nam a2200193Ia 4500
001 56999
008 130902n2011 ii |||gr||||Z||||||465
020 _a10-0-415-58570-8
082 _a401.41
245 0 _aAn Introoduction to Discourse Analysis Theory and method ,
_cJames Paul Gee
_hTextual Documents
250 _a3rd ed.
260 _aNew York
_bRoutledge Publishers
_c2011
300 _a218pg:
_c23cm.
653 _aEnglish
653 _aLanguage
653 _aMS- English
700 _aGee, James Paul,
_e2011.
942 _2ddc
_cBK
999 _c56914
_d56914